| 000 | 01134nam a22002777a 4500 | ||
|---|---|---|---|
| 005 | 20240530110612.0 | ||
| 008 | 160903s2013 au ao g 000 0dara d | ||
| 017 |
_a13428/2012 _bمصر . دار الكتب المصرية |
||
| 020 | _a9789772161850 | ||
| 040 | _aEG-CaGPL | ||
| 082 | 0 | 4 |
_221 _a916.12\ _bف س |
| 100 | 1 | _aفوربس ، روزيتا . | |
| 245 | 1 | 0 |
_aسر الصحراء الكبرى : _bالكفرة / _cتاليف روزيتا فوربس ؛ ترجمة و تقديم صبرى محمد حسن ؛ مراجعة يوسف فايد . |
| 250 | _aط1. | ||
| 260 |
_aالقاهرة : _bالمركز القومى للترجمة ، _c2013 . |
||
| 300 |
_a480 ص : _bايض ؛ _c24 سم . |
||
| 490 | 0 |
_aالمشروع القومي للترجمه _v1920 . |
|
| 650 | 0 | 4 | _aالصحراء الكبرى . |
| 650 | 0 | 4 | _aالجبال . |
| 650 | 0 | 4 | _aالرحله و الرحالات . |
| 651 | 0 | 4 |
_aليبيا _xالصحراء . |
| 700 | 0 |
_aصبرى محمد حسن _eمترجم و مقدم |
|
| 700 | 0 |
_aيوسف فايد _eمراجع |
|
| 942 |
_2ddc _cBK |
||
| 999 |
_c62885 _d62885 |
||